000
00288nam a22001337a 4500
008
181106b xxu||||| |||| 00| 0 eng d
020
_a
9780071440240
041
_a
eng
080
_a
330
100
_a
58
101
_a
BUS
245
_a
Business Statistics
_c
Kemp.S.M
942
_2
udc
_c
BK
999
_c
52049
_d
52049